Objav zvyškov citadely nezastaví výstavbu Auparku narazili asi iba na časť jedného cípu

Bibliographic Details
Format: Article
Language:Slovak
PhysicalDescription:Fotogr.
ISSN:1335-4566
Subjects:

MARC

LEADER 00000nab a2200000 a 4500
001 vtls010062931
003 SK-MaSNL
005 20260303050859.0
008 100209c20100209xo drz 0 0slo
038 |a KEVKJB 
040 |a KEVKJB  |b slo  |c KEVKJB  |e AACR2 
041 0 |a slo 
044 |a xo  |c SK 
080 |a 725.783  |2 2001 
080 |a 725.22  |2 2001 
245 0 0 |a Objav zvyškov citadely nezastaví výstavbu Auparku  |b narazili asi iba na časť jedného cípu  |c Miroslav Sambor 
300 |b Fotogr. 
610 2 7 |a Aupark (Košice, Slovensko)  |x výstavba  |2 kevkjb  |9 1036122 
650 0 7 |a Citadela  |2 kevkjb  |9 878400 
650 0 7 |a archeologické nálezy  |z Košice (Slovensko)  |2 kevkjb  |9 1039636 
651 7 |a Košice (Slovensko)  |2 kevkjb  |9 18694 
773 0 |t Košický Korzár  |g Roč. XIII, č. 32 (9.2.2010), s. 3  |x 1335-4566 
852 |a KEVKJB  |b KIS3GCP 
999 |c 1709331  |d 1711261